Music Quiz

Random Music or Album Quiz

Band name antonyms Quiz Stats

 Plays Quiz not verified by Sporcle

Also try: Iron Maiden Albums
Challenge
Share
Tweet
Embed
Score 0/13 Timer 10:00
0 Plays Today
Antonym Band % Correct
Relax. in the ballroomPanic! at the Disco
86.5%
The saversThe Killers
73%
Jump in girlFall Out boy
73%
The knownThe Who
66.2%
DystopiaNirvana
63.5%
Seinfeld and daughtersMumford and Sons
45.9%
Open 928Blink 182
44.6%
The RhinosThe Beatles
41.9%
Ugly isn't what they unfocus forCute is what we aim for
37.8%
Eagle submarineCobra Starship
18.9%
The elephantsThe Monkees
16.2%
The first light peopleThe Last Shadow Puppets
14.9%
Large toeBeady eye
10.8%

You're not logged in!

Compare scores with friends on all Sporcle quizzes.
Join for Free
OR
Log In

You Might Also Like...

Show Comments

Extras

Created May 29, 2011ReportNominate
Tags:Album Quiz, Bands Quiz, antonym

Top Quizzes Today


Score Distribution

Your Account Isn't Verified!

In order to create a playlist on Sporcle, you need to verify the email address you used during registration. Go to your Sporcle Settings to finish the process.

Report this User

Report this user for behavior that violates our Community Guidelines.

Details: